Sociální situace v České republice v polovině roku 1992.
Nezamestnanosť v ČR. Regionálne rozdiely v miere nezamestnanosti k 31.5.1992. Vývoj cenových indexov spotrebiteľských cien. Indexy životných nákladov. Celková charakteristika: klesajúca nezamestnanosť a cenová stabilita.
Gespeichert in:
| Format: | Buchkapitel |
|---|---|
| Sprache: | Tschechisch |
| Schlagworte: | |
| Tags: |
Keine Tags, Fügen Sie das erste Tag hinzu!
|
MARC
| LEADER | 00000naa a2200000 4500 | ||
|---|---|---|---|
| 001 | r008901 | ||
| 005 | 20220831090246.9 | ||
| 041 | 0 | |a cze | |
| 044 | |a [CS] | ||
| 245 | 1 | 0 | |a Sociální situace v České republice v polovině roku 1992. |
| 520 | |a Nezamestnanosť v ČR. Regionálne rozdiely v miere nezamestnanosti k 31.5.1992. Vývoj cenových indexov spotrebiteľských cien. Indexy životných nákladov. Celková charakteristika: klesajúca nezamestnanosť a cenová stabilita. | ||
| 610 | 2 | 0 | |a nezamestnanosť |
| 610 | 2 | 0 | |a Čechy |
| 610 | 2 | 0 | |a 1992 |
| 610 | 2 | 0 | |a stabilita cien |
| 610 | 2 | 0 | |a indexy cenové |
| 610 | 2 | 0 | |a index nákladov životných |
| 610 | 2 | 0 | |a tabuľky štatistické |